| 000 | 00387nam a2200157Ia 4500 | ||
|---|---|---|---|
| 008 | 151213s9999 xx 000 0 und d | ||
| 100 | _aSyed Quamruzzaman | ||
| 245 |
_aBorn Am I With My Words _cSyed Quamruzzaman |
||
| 250 | _a2nd | ||
| 260 |
_aDhaka _bBud Puldicat _c1989 |
||
| 300 | _a4304 p. | ||
| 650 | _aEnglish | ||
| 650 | _aPoets | ||
| 700 | _aSyed Quamruzzaman | ||
| 999 |
_c2718 _d2718 |
||